Sports Quiz

Random Sports or Football Quiz

NFL Hall of Fame QBs in the Super Bowl Quiz Stats

Quiz Updated Nov 29, 2016

Challenge
Share
Tweet
Embed
Score 0/26 Timer 02:00
9 Plays Today
Super Bowl Quarterback % Correct
XIXJoe Montana
88.2%
XXIVJoe Montana
88.2%
IBart Starr
86.6%
IXTerry Bradshaw
80.2%
XTerry Bradshaw
80.1%
XIIITerry Bradshaw
80.1%
XXIVJohn Elway
78.7%
XXXIIBrett Favre
78.6%
XXXIIJohn Elway
77.9%
IIIJoe Namath
77.4%
XXVIITroy Aikman
76.6%
XXVIIITroy Aikman
76.6%
IIIJohnny Unitas
73.5%
Super Bowl Quarterback % Correct
VIRoger Staubach
70.5%
XRoger Staubach
70.5%
XIIIRoger Staubach
70.5%
XIXDan Marino
69.7%
XXVIIJim Kelly
68.9%
XXVIIIJim Kelly
68.9%
XIFran Tarkenton
58.9%
ILen Dawson
56.8%
VIIIFran Tarkenton
56.8%
IXFran Tarkenton
56.8%
XIKen Stabler
56%
VIBob Griese
46.6%
VIIIBob Griese
46.6%

You're not logged in!

Compare scores with friends on all Sporcle quizzes.
Sign Up with Email
OR
Log In

You Might Also Like...

Show Comments

Extras

Top Quizzes Today


Score Distribution

Your Account Isn't Verified!

In order to create a playlist on Sporcle, you need to verify the email address you used during registration. Go to your Sporcle Settings to finish the process.